000
00314nam a22001337a 4500
008
181107b xxu||||| |||| 00| 0 eng d
020
_a
9780023971914
041
_a
eng
080
_a
316
100
_a
50
101
_a
SOC
245
_a
The social environment and human behavior
_c
Goldon, N. Th
942
_2
udc
_c
BK
999
_c
52154
_d
52154